Ekologické stavby s rozpočtovými nákladmi nad 5 mil. Kčs v Slovenskej republike za 1. štrvrťrok 1992

Guardado en:
Detalles Bibliográficos
Formato: Libro
Lenguaje:eslovaco
Publicado: Bratislava Slovenský štatistický úrad 1992
Colección:Štatistické čísla a grafy
Materias:
Etiquetas: Agregar Etiqueta
Sin Etiquetas, Sea el primero en etiquetar este registro!

MARC

LEADER 00000nam a2200000 4500
001 c021357
005 20251104100322.1
041 0 |a slo 
044 |a SK 
245 1 0 |a Ekologické stavby s rozpočtovými nákladmi nad 5 mil. Kčs v Slovenskej republike za 1. štrvrťrok 1992 
264 1 |a Bratislava  |b Slovenský štatistický úrad  |c 1992 
300 |a 67 s. 
490 1 |a Štatistické čísla a grafy 
830 0 |a Štatistické čísla a grafy 
610 2 0 |a Slovensko 
610 2 0 |a stavby 
610 2 0 |a stavebníctvo 
610 2 0 |a ekológia 
610 2 0 |a náklady rozpočtové